Marketing vybranej prevádzky bakalárska práca

Saved in:
Bibliographic Details
Main Author: Ďuricová, Alexandra
Corporate Author: Obchodná fakulta EU. Katedra marketingu
Other Authors: Rehák, Róbert, 1984-
Format: Book
Language:Slovak
Published: Bratislava 2017
Tags: Add Tag
No Tags, Be the first to tag this record!

MARC

LEADER 00000nbm a2200000 4500
001 0232674
005 20170920111909.3
041 0 |a slo 
044 |a SK 
245 1 0 |a Marketing vybranej prevádzky  |b bakalárska práca  |c Alexandra Ďuricová ; školiteľ: Róbert Rehák 
264 1 |a Bratislava  |c 2017 
300 |a 54 s. 
100 1 |a Ďuricová, Alexandra 
700 1 |a Rehák, Róbert, 1984- 
710 2 |a Obchodná fakulta EU. Katedra marketingu